Does environmental policy work? : the theory and practice of outcomes assessment (Record no. 152332)

MARC details
000 -LEADER
fixed length control field 00745nam a2200217Ia 4500
008 - FIXED-LENGTH DATA ELEMENTS--GENERAL INFORMATION
fixed length control field 191130s2003##################000#0#eng##
020 ## - INTERNATIONAL STANDARD BOOK NUMBER
ISBN 9781840641707
082 ## - DEWEY DECIMAL CLASSIFICATION NUMBER
Classification number 363.7056 ERV
245 ## - TITLE STATEMENT
Title Does environmental policy work? : the theory and practice of outcomes assessment
Statement of responsibility, etc edited by David E. Ervin, James R. Kahn, Marie Leigh Livingston
260 ## - PUBLICATION, DISTRIBUTION, ETC. (IMPRINT)
Place of publication Cheltlenham, UK ; Northampton, MA
Name of publisher Edward Elgar
Year of publication ©2003
300 ## - PHYSICAL DESCRIPTION
Number of Pages x, 201 p. : ill. ; 25 cm
500 ## - GENERAL NOTE
General note Includes index
650 ## - SUBJECT ADDED ENTRY--TOPICAL TERM
Topical Term Environmental policy--Evaluation
700 ## - ADDED ENTRY--PERSONAL NAME
Personal name Ervin, David E
Personal name Kahn, James R
Personal name Livingston, Marie Leigh
991 ## -
-- 313030
Holdings
Withdrawn status Lost status Damaged status Not for loan Home library Current library Date acquired Full call number Accession Number Price effective from Koha item type
        Anna Centenary Library Anna Centenary Library 12.10.2020 363.7056 ERV 342731 12.10.2020 English Books

Find us on the map